| 000 | 00388nam a2200133Ia 4500 | ||
|---|---|---|---|
| 005 | 20251222154440.0 | ||
| 008 | 251222s9999||||xx |||||||||||||| ||spa|| | ||
| 020 | _a8422620871 | ||
| 082 | _a863/V23 | ||
| 100 | _aVallejo-Nágera,Juan Antonio & Francisco Umbral | ||
| 245 | 0 | _aYo, El Rey - Pío XII, la Escolta Mora y un General sin un ojo | |
| 264 | _bCírculo de Lectores | ||
| 942 | _cLIB | ||
| 999 |
_c36763 _d36763 |
||